[Event "36th Balaton GM 2018"]
[Site "Balatonlelle"]
[Date "2018.06.17"]
[Round "6"]
[White "Klaric, Zlatko"]
[Black "Gungl, Theo"]
[Result "1/2-1/2"]
[WhiteElo "2397"]
[BlackElo "2237"]
[Annotator "NA"]
[PlyCount "127"]
[EventDate "2018.06.12"]
[EventType "swiss"]
[EventCountry "HUN"]
[SourceTitle "playchess.com"]
[Source "ChessBase"]
[SourceQuality "1"]
[TimeControl "40/5400+30:1800+30"]

1. Nf3 {[%emt 0:01:29]} d5 {[%emt 0:00:36]} 2. b4 {[%emt 0:00:04]} Nf6 {[%emt 0:01:12]} 3. Bb2 {[%emt 0:00:07]} e6 {[%emt 0:01:49]} 4. a3 {[%emt 0:00:05]} Nbd7 {[%emt 0:01:20]} 5. e3 {[%emt 0:00:11] A00: Irregular Openings} Bd6 {[%emt 0:00:51]} 6. c4 {[%emt 0:00:43]} c6 {[%emt 0:01:17]} 7. d4 {[%emt 0:08:11]} Ne4 {[%emt 0:07:50]} (7... O-O 8. Nbd2 Qe7 9. Qc2 e5 10. cxd5 cxd5 11. dxe5 Nxe5 12. Be2 Bg4 13. O-O Rac8 {½-½ (13) Mirzoev,A (2617)-Lopez Martinez,J (2589) Pamplona 2009}) 8. Nbd2 {[%emt 0:01:23]} f5 {[%emt 0:02:21]} 9. Ne5 $146 {[%emt 0:05:09]} ({Predecessor:} 9. g3 O-O 10. c5 Bc7 11. Bg2 Qf6 12. O-O Qh6 {1-0 (38) Tosic,M (2489)-Panic,N (2347) Obrenovac 2004}) 9... O-O {[%emt 0:01:35]} 10. g3 {[%emt 0:00:29]} Bc7 {[%emt 0:19:17]} 11. f3 {[%emt 0:01:45]} Nxd2 {[%emt 0:05:15]} 12. Qxd2 {[%emt 0:00:09]} Nxe5 {[%emt 0:01:10]} 13. dxe5 {[%emt 0:00:11]} dxc4 {[%emt 0:00:49]} 14. Bxc4 {[%emt 0:04:00]} Qxd2+ {[%emt 0:00:30]} 15. Kxd2 {[%emt 0:00:02]} Bd7 {[%emt 0:01:50]} 16. Ke2 {[%emt 0:03:57]} Rad8 {[%emt 0:01:27]} 17. f4 {[%emt 0:01:15]} Kf7 {[%emt 0:01:32]} 18. Bd4 {[%emt 0:00:29]} b6 {[%emt 0:01:26]} 19. g4 {[%emt 0:03:42]} (19. Rhd1 $16) 19... g6 {[%emt 0:01:34]} 20. h4 {[%emt 0:00:46]} ({White should try} 20. h3 $16) 20... Bc8 {[%emt 0:13:37]} 21. h5 {[%emt 0:02:43]} Rh8 {[%emt 0:00:13]} 22. Rac1 {[%emt 0:08:35]} Bb8 {[%emt 0:10:20]} 23. Bb3 {[%emt 0:01:00]} Bb7 {[%emt 0:02:13]} 24. Rh4 {[%emt 0:01:44]} Rdg8 {[%emt 0:05:33]} 25. hxg6+ {[%emt 0:14:04]} hxg6 {[%emt 0:00:17]} 26. Rch1 {[%emt 0:00:11]} Rxh4 {[%emt 0:00:11]} 27. Rxh4 {[%emt 0:00:02]} Bc8 {[%emt 0:00:44]} 28. e4 {[%emt 0:02:13]} fxe4 {[%emt 0:03:18]} 29. f5 {[%emt 0:02:12]} gxf5 {[%emt 0:03:43]} 30. gxf5 {[%emt 0:01:10]} Rd8 {[%emt 0:05:04]} 31. Rxe4 {[%emt 0:02:33]} Ke7 {[%emt 0:01:23]} 32. f6+ {[%emt 0:02:16]} Kf7 {[%emt 0:00:34]} 33. Rg4 {[%emt 0:03:21]} Rxd4 {[%emt 0:02:14]} 34. Rxd4 {[%emt 0:00:11]} Bxe5 {[%emt 0:00:03]} 35. Rd8 {[%emt 0:00:18]} Ba6+ {[%emt 0:00:02]} 36. Ke3 {[%emt 0:03:03]} Kxf6 {[%emt 0:01:58]} 37. Ra8 {[%emt 0:00:25]} Bc3 {[%emt 0:01:29]} 38. Rxa7 {[%emt 0:00:38]} Bf1 {[%emt 0:00:27]} 39. Rb7 {[%emt 0:05:47]} b5 {[%emt 0:00:42]} 40. Bd1 {[%emt 0:00:00]} Bg2 {[%emt 0:01:21]} 41. Bf3 {[%emt 0:03:56]} Bxf3 {[%emt 0:00:09]} 42. Kxf3 {[%emt 0:00:10]} Ke5 {[%emt 0:03:55]} 43. Rd7 {[%emt 0:00:14]} Bb2 {[%emt 0:00:23]} 44. Rd3 {[%emt 0:00:11]} Bd4 {[%emt 0:00:25]} 45. Ke2 {[%emt 0:03:13]} Kd5 {[%emt 0:00:16]} 46. Rh3 {[%emt 0:03:18]} Kc4 {[%emt 0:02:03]} 47. Kd2 {[%emt 0:00:19]} e5 $11 {[%emt 0:03:22]} 48. Kc2 {[%emt 0:00:28]} c5 {[%emt 0:04:17]} 49. bxc5 {[%emt 0:02:37]} Bxc5 {[%emt 0:00:08]} 50. Rh4+ {[%emt 0:01:34]} Bd4 {[%emt 0:00:20]} 51. Rh8 {[%emt 0:01:46]} Bc5 {[%emt 0:03:51]} 52. Rh4+ {[%emt 0:04:05]} Bd4 {[%emt 0:00:07]} 53. Rh3 {[%emt 0:00:17]} Bc5 {[%emt 0:02:44]} 54. Rb3 {[%emt 0:00:29]} e4 {[%emt 0:01:37]} 55. Rc3+ {[%emt 0:01:19]} Kd4 {[%emt 0:00:11]} 56. Rb3 {[%emt 0:00:32]} Kc4 {[%emt 0:00:04]} 57. Rh3 {[%emt 0:00:29]} b4 {[%emt 0:01:24]} 58. a4 {[%emt 0:02:13]} e3 {[%emt 0:00:26]} 59. Rh4+ {[%emt 0:03:53]} Bd4 {[%emt 0:00:18]} 60. a5 {[%emt 0:02:00]} b3+ {[%emt 0:00:08]} 61. Kb1 {[%emt 0:04:43]} e2 {[%emt 0:06:26]} 62. Rh1 {[%emt 0:00:08]} Kd3 {[%emt 0:01:25]} 63. a6 {[%emt 0:00:06]} Kd2 {[%emt 0:00:17]} 64. Rh2 {[%emt 0:00:08]} 1/2-1/2

[Event "36th Balaton GM 2018"]
[Site "Balatonlelle"]
[Date "2018.06.17"]
[Round "6"]
[White "Naumkin, Igor"]
[Black "Urh, Zala"]
[Result "1-0"]
[WhiteElo "2383"]
[BlackElo "2248"]
[Annotator "NA"]
[PlyCount "114"]
[EventDate "2018.06.12"]
[EventType "swiss"]
[EventCountry "HUN"]
[SourceTitle "playchess.com"]
[Source "ChessBase"]
[SourceQuality "1"]
[TimeControl "40/5400+30:1800+30"]

1. d4 {[%emt 0:00:05]} Nf6 {[%emt 0:00:37]} 2. c4 {[%emt 0:00:06]} e6 {[%emt 0:00:16]} 3. Nf3 {[%emt 0:00:06]} d5 {[%emt 0:00:18]} 4. Nc3 {[%emt 0:00:17]} Nbd7 {[%emt 0:00:15] LiveBook: 3530 Games} 5. Bg5 {[%emt 0:00:16]} h6 {[%emt 0:00:56]} 6. Bh4 {[%emt 0:00:13]} dxc4 {[%emt 0:00:15]} 7. e3 {[%emt 0:00:23]} a6 {[%emt 0:01:11] D51: Damengambit (Cambridge-Springs-Variante und Abweichungen)} 8. a4 {[%emt 0:00:54]} b6 {[%emt 0:05:11]} 9. Bxc4 {[%emt 0:01:01]} Bb7 {[%emt 0:00:13]} 10. O-O {[%emt 0:00:19]} Be7 {[%emt 0:01:30]} 11. Qe2 {[%emt 0:01:33]} O-O {[%emt 0:12:58]} 12. Rad1 $146 {[%emt 0:04:08]} ({Vorgänger:} 12. Rfd1 Ne4 13. Nxe4 Bxh4 {1-0 (76) Aronian,L (2797)-Wang,H (2710) Beijing 2014}) 12... Ne4 {[%emt 0:03:08]} 13. Nxe4 {[%emt 0:06:01]} Bxh4 {[%emt 0:01:27]} 14. Nc3 {[%emt 0:00:40]} Be7 {[%emt 0:09:55]} 15. e4 {[%emt 0:03:27]} c6 {[%emt 0:02:57]} 16. e5 {[%emt 0:00:36]} Qc7 {[%emt 0:02:58]} 17. Qe3 {[%emt 0:12:41]} Rfd8 {[%emt 0:08:28]} 18. Ba2 {[%emt 0:12:38]} Nf8 {[%emt 0:03:44]} 19. h4 {[%emt 0:02:10]} b5 {[%emt 0:09:50]} 20. Rd3 {[%emt 0:08:59]} Rac8 {[%emt 0:14:59]} 21. Rfd1 {[%emt 0:11:39]} b4 {[%emt 0:02:41]} 22. Ne4 {[%emt 0:01:06]} c5 {[%emt 0:01:01]} 23. dxc5 {[%emt 0:07:41]} Rxd3 {[%emt 0:05:46]} 24. Rxd3 {[%emt 0:00:18]} Bxe4 {[%emt 0:00:27]} 25. Qxe4 {[%emt 0:00:31]} Qxc5 {[%emt 0:00:25]} 26. Rd2 {[%emt 0:03:47]} a5 {[%emt 0:01:40]} 27. Bb3 {[%emt 0:01:18]} Qc6 {[%emt 0:03:27]} 28. Qxc6 {[%emt 0:03:45]} Rxc6 {[%emt 0:00:01]} 29. g3 {[%emt 0:02:28]} Rc5 {[%emt 0:01:49]} 30. Nd4 {[%emt 0:02:10]} g5 {[%emt 0:04:59]} 31. hxg5 {[%emt 0:00:35]} hxg5 {[%emt 0:00:00]} 32. Rc2 {[%emt 0:06:05]} Rxc2 {[%emt 0:01:26]} 33. Bxc2 {[%emt 0:00:13]} Bd8 {[%emt 0:00:41]} 34. Nc6 {[%emt 0:00:17]} Bc7 {[%emt 0:00:17]} 35. Kg2 {[%emt 0:01:37]} Nd7 {[%emt 0:00:49]} 36. f4 {[%emt 0:00:28]} gxf4 {[%emt 0:00:46]} 37. gxf4 {[%emt 0:00:06]} f6 {[%emt 0:00:45]} 38. exf6 {[%emt 0:04:18]} Bxf4 {[%emt 0:00:11]} 39. Nxa5 {[%emt 0:00:50]} Ne5 {[%emt 0:00:44]} 40. Nb7 {[%emt 0:00:00]} Nc4 $2 {[%emt 0:00:54]} (40... Kf7 $11 {and Black is okay.}) 41. b3 {[%emt 0:02:58]} Ne5 {[%emt 0:11:59]} 42. Nd8 {[%emt 0:07:06]} Be3 {[%emt 0:04:31]} 43. a5 {[%emt 0:01:50]} Kf8 {[%emt 0:01:43]} 44. Nxe6+ {[%emt 0:06:31]} Kf7 {[%emt 0:00:19]} 45. Nc7 {[%emt 0:00:24]} Bc5 {[%emt 0:04:36] [#]} 46. Be4 $1 {[%emt 0:05:59]} Kxf6 {[%emt 0:09:33]} 47. a6 {[%emt 0:01:22]} Nd7 {[%emt 0:00:12]} 48. Nb5 {[%emt 0:01:22]} Ke5 {[%emt 0:00:40]} 49. Kf3 $18 {[%emt 0:04:00]} Bb6 {[%emt 0:00:36]} 50. a7 {[%emt 0:00:36]} Bxa7 {[%emt 0:00:01]} 51. Nxa7 {[%emt 0:00:06]} Nc5 {[%emt 0:00:35]} 52. Bc2 {[%emt 0:00:29]} Kd4 {[%emt 0:00:52]} 53. Nb5+ {[%emt 0:00:13]} Kd5 {[%emt 0:00:10]} 54. Ke3 {[%emt 0:00:26]} Ne6 {[%emt 0:00:57]} 55. Bf5 {[%emt 0:00:56]} Nc5 {[%emt 0:00:32]} 56. Nd4 {[%emt 0:00:39]} Ke5 {[%emt 0:00:09]} 57. Bh7 {[%emt 0:00:46]} Kd5 {Ke4+} 1-0

[Event "36th Balaton GM 2018"]
[Site "Balatonlelle"]
[Date "2018.06.17"]
[Round "6"]
[White "Soham Das"]
[Black "Erturan, Yakup"]
[Result "1-0"]
[WhiteElo "2355"]
[BlackElo "2384"]
[Annotator "NA"]
[PlyCount "55"]
[EventDate "2018.06.12"]
[EventType "swiss"]
[EventCountry "HUN"]
[SourceTitle "playchess.com"]
[Source "ChessBase"]
[SourceQuality "1"]
[TimeControl "40/5400+30:1800+30"]

1. e4 {[%emt 0:00:02]} c5 {[%emt 0:00:38]} 2. Nf3 {[%emt 0:00:30]} Nc6 {[%emt 0:02:03]} 3. Bb5 {[%emt 0:00:14]} g6 {[%emt 0:00:12]} 4. Bxc6 {[%emt 0:00:23]} dxc6 {[%emt 0:00:05]} 5. d3 {[%emt 0:00:19]} Bg7 {[%emt 0:00:22]} 6. h3 {[%emt 0:00:09]} Nf6 {[%emt 0:00:05]} 7. Nc3 {[%emt 0:01:45]} Nd7 {[%emt 0:00:46]} 8. Be3 {[%emt 0:02:35]} e5 {[%emt 0:01:52]} 9. Qd2 {[%emt 0:02:42]} h6 {[%emt 0:00:58]} 10. Nh2 {[%emt 0:16:07]} Qe7 {[%emt 0:04:57]} 11. O-O {[%emt 0:02:04]} Nf8 {[%emt 0:05:48]} 12. f4 {[%emt 0:18:38] LiveBook: 175 Games} exf4 {[%emt 0:02:42]} 13. Bxf4 {[%emt 0:00:18]} g5 {[%emt 0:03:30]} 14. Bg3 {[%emt 0:07:36]} Be6 {[%emt 0:06:55]} 15. e5 {[%emt 0:15:27]} Ng6 $16 {[%emt 0:05:25]} 16. Nf3 {[%emt 0:13:36]} O-O {[%emt 0:04:39]} 17. Ne4 {[%emt 0:01:10]} Bd5 {[%emt 0:02:01]} 18. Nf6+ {[%emt 0:04:41]} Bxf6 {[%emt 0:05:09]} 19. exf6 {[%emt 0:00:02]} Qxf6 {[%emt 0:01:29]} 20. Ne5 {[%emt 0:00:14]} Qd6 {[%emt 0:17:55]} 21. Rae1 {[%emt 0:02:25]} Rae8 {[%emt 0:04:35]} 22. Ng4 {[%emt 0:06:46]} Qxg3 {[%emt 0:00:25]} 23. Nf6+ {[%emt 0:00:17]} Kh8 {[%emt 0:00:35]} 24. Rxe8 {[%emt 0:01:46]} Rxe8 {[%emt 0:00:36]} 25. Nxe8 {[%emt 0:00:02]} Ne5 {[%emt 0:00:27]} 26. Rf6 {[%emt 0:02:24]} Ng6 {[%emt 0:03:03]} 27. Rxg6 {[%emt 0:00:41]} Qe5 {[%emt 0:00:14]} 28. Rxh6+ {[%emt 0:00:17]} 1-0

[Event "36th Balaton GM 2018"]
[Site "Balatonlelle"]
[Date "2018.06.17"]
[Round "6"]
[White "Li, Bo"]
[Black "Kavutskiy, Konstantin"]
[Result "1-0"]
[WhiteElo "2333"]
[BlackElo "2397"]
[Annotator "NA"]
[PlyCount "59"]
[EventDate "2018.06.12"]
[EventType "swiss"]
[EventCountry "HUN"]
[SourceTitle "playchess.com"]
[Source "ChessBase"]
[SourceQuality "1"]
[TimeControl "40/5400+30:1800+30"]

1. d4 {[%emt 0:00:04]} Nf6 {[%emt 0:12:41]} 2. c4 {[%emt 0:00:36]} g6 {[%emt 0:00:07]} 3. g3 {[%emt 0:01:14]} Bg7 {[%emt 0:00:05]} 4. Bg2 {[%emt 0:00:41]} O-O {[%emt 0:00:09]} 5. Nc3 {[%emt 0:00:48]} d6 {[%emt 0:00:14]} 6. Nf3 {[%emt 0:03:17]} c6 {[%emt 0:00:19]} 7. O-O {[%emt 0:03:48]} Bf5 {[%emt 0:00:23]} 8. Nh4 {[%emt 0:13:52]} Be6 {[%emt 0:00:49]} 9. b3 {[%emt 0:02:13]} d5 {[%emt 0:00:31]} 10. Qd3 {[%emt 0:04:54]} c5 {[%emt 0:10:36]} 11. dxc5 {[%emt 0:03:22]} Ne4 {[%emt 0:08:14]} 12. cxd5 {[%emt 0:20:41]} Nxc3 {[%emt 0:00:57]} 13. dxe6 {[%emt 0:09:42]} Nc6 {[%emt 0:02:59]} 14. exf7+ {[%emt 0:01:37]} Rxf7 {[%emt 0:00:18]} 15. Kh1 $16 {[%emt 0:03:59]} Qxd3 {[%emt 0:11:08]} 16. exd3 {[%emt 0:00:01]} Rd8 {[%emt 0:00:10]} 17. Nf3 {[%emt 0:06:34]} Rxd3 {[%emt 0:06:09]} 18. Be3 {[%emt 0:04:06]} Nd5 {[%emt 0:14:43]} 19. Rad1 {[%emt 0:02:07]} Rxe3 {[%emt 0:00:41]} 20. Ng5 {[%emt 0:01:51]} Nc3 {[%emt 0:04:02]} 21. fxe3 {[%emt 0:00:29]} Nxd1 {[%emt 0:00:10]} 22. Bd5 {[%emt 0:02:00]} Nxe3 {[%emt 0:00:28]} 23. Bxf7+ {[%emt 0:00:28]} Kh8 {[%emt 0:00:09]} 24. Re1 {[%emt 0:00:33]} Ng4 {[%emt 0:01:36]} 25. Bc4 {[%emt 0:03:06]} Bc3 {[%emt 0:01:20]} 26. Rf1 {[%emt 0:00:40]} Nf6 {[%emt 0:00:54]} 27. Ne6 {[%emt 0:00:24]} Ne5 {[%emt 0:02:31]} 28. Rd1 {[%emt 0:00:27]} h5 {[%emt 0:01:30]} 29. Rd8+ Kh7 {[%emt 0:00:08]} 30. Rb8 {[%emt 0:00:29]} 1-0

[Event "36th Balaton GM 2018"]
[Site "Balatonlelle"]
[Date "2018.06.17"]
[Round "6"]
[White "Gorti, Akshita"]
[Black "Vegh, Endre"]
[Result "0-1"]
[WhiteElo "2258"]
[BlackElo "2260"]
[Annotator "NA"]
[PlyCount "84"]
[EventDate "2018.06.12"]
[EventType "swiss"]
[EventCountry "HUN"]
[SourceTitle "playchess.com"]
[Source "ChessBase"]
[SourceQuality "1"]
[TimeControl "40/5400+30:1800+30"]

1. Nf3 {[%emt 0:00:04]} b6 {[%emt 0:02:00]} 2. d4 {[%emt 0:03:24]} Bb7 {[%emt 0:01:10]} 3. e3 {[%emt 0:01:45]} e6 {[%emt 0:01:35]} 4. Bd3 {[%emt 0:01:05]} f5 {[%emt 0:02:01]} 5. O-O {[%emt 0:02:41]} Nf6 {[%emt 0:00:36]} 6. c4 {[%emt 0:01:01]} Be7 {[%emt 0:01:43]} 7. Nc3 {[%emt 0:05:02]} O-O {[%emt 0:03:29] A85: Dutch Defence: 2 c4 Nf6 3 Nc3} 8. Nd2 {[%emt 0:04:25]} (8. d5 Na6 9. a3 Nc5 10. Bc2 a5 11. b3 Nfe4 12. Ne2 Bf6 13. Rb1 Nd6 14. b4 axb4 15. axb4 {1-0 (99) Stefanova,A (2500)-Zhao,X (2477) Huaian 2017}) 8... Nc6 {[%emt 0:06:05]} 9. a3 {[%emt 0:04:00]} a5 $146 {[%emt 0:01:58]} ({Predecessor:} 9... a6 10. b4 Qe8 11. Be2 Qg6 12. Bf3 Ra7 13. c5 e5 14. Nd5 exd4 15. Nxe7+ Nxe7 16. Bxb7 Rxb7 17. exd4 {0-1 (32) Vu,D (1488)-Diller,P (1939) Nürnberg 2014}) 10. Qc2 {[%emt 0:01:22]} Qe8 {[%emt 0:04:16]} 11. Nf3 {[%emt 0:03:31]} Nd8 {[%emt 0:07:48]} 12. e4 {[%emt 0:03:44]} fxe4 {[%emt 0:01:07]} 13. Nxe4 {[%emt 0:00:10]} Nxe4 {[%emt 0:00:39]} 14. Bxe4 {[%emt 0:00:06]} Bxe4 {[%emt 0:00:27]} 15. Qxe4 {[%emt 0:00:12]} Nf7 {[%emt 0:00:28]} 16. Bd2 {[%emt 0:04:39]} Nd6 {[%emt 0:03:13]} 17. Qd3 {[%emt 0:00:59]} a4 {[%emt 0:02:39]} 18. Rae1 {[%emt 0:04:12]} Bf6 {[%emt 0:03:51]} 19. Bb4 {[%emt 0:06:10]} Qg6 $14 {[%emt 0:06:34]} 20. Qe2 {[%emt 0:07:28]} Rf7 {[%emt 0:02:04]} 21. c5 {[%emt 0:04:37]} bxc5 {[%emt 0:04:54]} 22. dxc5 {[%emt 0:00:36]} Nf5 {[%emt 0:01:17]} 23. c6 {[%emt 0:03:10]} dxc6 {[%emt 0:01:08]} 24. Qxe6 {[%emt 0:00:24]} Bxb2 {[%emt 0:04:30]} 25. Qe8+ {[%emt 0:14:23]} Rf8 {[%emt 0:00:05]} 26. Qe2 {[%emt 0:00:29]} Nd6 {[%emt 0:03:41]} 27. Qxb2 {[%emt 0:06:34]} Rxf3 {[%emt 0:00:12]} 28. Qc1 {[%emt 0:01:22]} Nf7 {[%emt 0:08:00]} 29. Qc4 {[%emt 0:01:14]} h6 {[%emt 0:06:06]} 30. Re6 {[%emt 0:02:56]} Rf6 {[%emt 0:00:13]} 31. Rfe1 {[%emt 0:07:47]} Rd8 {[%emt 0:05:56]} 32. h4 {[%emt 0:01:51]} Rxe6 {[%emt 0:02:07]} 33. Rxe6 {[%emt 0:00:32]} Rd1+ {[%emt 0:02:33]} 34. Kh2 {[%emt 0:00:12]} Qf5 {[%emt 0:01:02]} 35. Bc5 {[%emt 0:02:11]} Rd5 {[%emt 0:02:46]} 36. Rxc6 {[%emt 0:01:27]} Kh7 {[%emt 0:00:30]} 37. Rxc7 {[%emt 0:02:01]} Ne5 {[%emt 0:00:56]} 38. Qe2 {[%emt 0:00:37]} Ng4+ {[%emt 0:00:38]} 39. Kg3 {[%emt 0:00:25]} Nf6 {[%emt 0:03:08]} 40. Bb6 {[%emt 0:00:00]} Rd3+ {[%emt 0:02:26]} 41. f3 {[%emt 0:05:48]} Rb3 {[%emt 0:12:17]} 42. Bf2 {[%emt 0:11:21]} Nh5+ {[%emt 0:01:38]} 0-1

[Event "36th Balaton GM 2018"]
[Site "Balatonlelle"]
[Date "2018.06.17"]
[Round "6"]
[White "Moksh Amit Doshi"]
[Black "Saber, Yasser"]
[Result "1-0"]
[WhiteElo "2203"]
[BlackElo "2266"]
[Annotator "NA"]
[PlyCount "87"]
[EventDate "2018.06.12"]
[EventType "swiss"]
[EventCountry "HUN"]
[SourceTitle "playchess.com"]
[Source "ChessBase"]
[SourceQuality "1"]
[TimeControl "40/5400+30:1800+30"]

1. d4 {[%emt 0:00:40]} d6 {[%emt 0:00:39]} 2. c4 {[%emt 0:00:07]} e5 {[%emt 0:00:21]} 3. Nc3 {[%emt 0:00:32]} exd4 {[%emt 0:00:03]} 4. Qxd4 {[%emt 0:00:10]} Nc6 {[%emt 0:00:02]} 5. Qd2 {[%emt 0:00:13] LiveBook: 428 Games} Be6 {[%emt 0:03:24]} 6. b3 {[%emt 0:00:26]} Nf6 {[%emt 0:01:19]} 7. e4 {[%emt 0:00:51]} a5 {[%emt 0:02:36]} 8. f3 {[%emt 0:07:20] A21: English Opening: 1...e5 2 Nc3} (8. Bb2 a4 9. Rd1 axb3 10. axb3 g6 11. Bd3 Bg7 12. Nge2 O-O 13. O-O Nd7 14. Nd5 Nc5 15. Bxg7 Kxg7 {0-1 (40) Dreev,A (2664)-Svidler,P (2759) Almaty 2016}) 8... a4 {[%emt 0:07:00]} 9. Nxa4 {[%emt 0:08:04]} d5 $146 {[%emt 0:18:38]} ({Predecessor:} 9... Rxa4 10. bxa4 d5 11. Bb2 Bb4 12. Bc3 Bxc3 13. Qxc3 dxe4 14. f4 O-O 15. Ne2 Qa8 {0-1 (34) Albrecht,H (2263)-Balashov,Y (2459) Schwaebisch Gmuend 2006}) 10. exd5 {[%emt 0:01:15]} Rxa4 {[%emt 0:00:03]} 11. Bb2 $1 {[%emt 0:00:51]} Ra8 {[%emt 0:13:02]} 12. dxc6 {[%emt 0:03:02]} Qxd2+ {[%emt 0:02:46]} 13. Kxd2 {[%emt 0:00:08]} Rd8+ {[%emt 0:02:19]} (13... b5 $16 {was worth a try.}) 14. Bd3 {[%emt 0:10:30]} bxc6 {[%emt 0:06:18]} 15. Kc2 {[%emt 0:01:04]} Bc5 {[%emt 0:04:34]} 16. Ne2 {[%emt 0:00:47]} O-O {[%emt 0:00:04]} 17. Rhd1 {[%emt 0:02:23]} Be3 {[%emt 0:02:30]} 18. Bxf6 {[%emt 0:02:39]} gxf6 {[%emt 0:00:02]} 19. Be4 {[%emt 0:00:13]} c5 {[%emt 0:00:19]} 20. Rxd8 $18 {[%emt 0:01:12]} Rxd8 {[%emt 0:00:01]} 21. Rd1 {[%emt 0:00:15]} Bd4 {[%emt 0:11:06]} 22. g4 {[%emt 0:01:31]} h5 {[%emt 0:00:28]} 23. gxh5 {[%emt 0:03:36]} f5 {[%emt 0:00:36]} 24. Nxd4 {[%emt 0:02:00]} cxd4 {[%emt 0:01:00]} 25. Rg1+ {[%emt 0:00:05]} Kf8 {[%emt 0:00:47]} 26. Bd3 {[%emt 0:02:50]} c5 {[%emt 0:06:09]} 27. f4 {[%emt 0:01:01]} Ke7 {[%emt 0:00:17]} 28. Be2 {[%emt 0:00:36]} d3+ {[%emt 0:09:43]} 29. Bxd3 {[%emt 0:00:06]} Rd4 {[%emt 0:00:39]} 30. Rf1 {[%emt 0:01:10]} Kf6 {[%emt 0:00:03]} 31. a4 {[%emt 0:00:35]} Bc8 {[%emt 0:00:12]} 32. Kc3 {[%emt 0:01:25]} Bb7 {[%emt 0:00:25]} 33. b4 {[%emt 0:00:31]} Be4 {[%emt 0:00:05]} 34. Bxe4 {[%emt 0:00:08]} fxe4 {[%emt 0:00:10]} 35. bxc5 {[%emt 0:00:22]} Rd3+ {[%emt 0:00:02]} 36. Kb4 {[%emt 0:00:14]} Rf3 {[%emt 0:07:17]} 37. Rd1 {[%emt 0:00:20]} Rf2 {[%emt 0:01:34]} 38. c6 {[%emt 0:00:06]} Rb2+ {[%emt 0:00:20]} 39. Kc5 {[%emt 0:00:07]} Rb8 {[%emt 0:00:06]} 40. c7 {[%emt 0:00:00]} Rc8 {[%emt 0:00:04]} 41. Kc6 {[%emt 0:00:13]} Kf5 {[%emt 0:00:03]} 42. Rd8 {[%emt 0:00:21]} Rxc7+ {[%emt 0:00:06]} 43. Kxc7 {[%emt 0:00:06]} Kxf4 {[%emt 0:00:09]} 44. h6 {[%emt 0:00:05]} 1-0

[Event "36th Balaton GM 2018"]
[Site "Balatonlelle"]
[Date "2018.06.18"]
[Round "7"]
[White "Czebe, Attila"]
[Black "Fernandez, Daniel Howard"]
[Result "1/2-1/2"]
[WhiteElo "2419"]
[BlackElo "2485"]
[Annotator "TA"]
[PlyCount "114"]
[EventDate "2018.06.12"]
[EventType "swiss"]
[EventCountry "HUN"]
[SourceTitle "playchess.com"]
[Source "ChessBase"]
[SourceQuality "1"]

{[%evp 9,114,26,26,23,31,23,54,44,74,51,52,27,27,27,39,26,29,32,32,35,40,6,38,-7,0,-10,0,0,0,0,0,-1,0,0,0,0,0,-10,6,15,6,6,30,19,28,16,33,9,14,6,8,4,4,4,4,0,0,0,0,0,0,0,0,0,8,0,0,0,0,0,0,0,0,0,0,-8,-8,-8,-8,-9,-10,-12,-8,-8,-8,-8,-8,-8,-8,-8,-8,-8,-8,-8,-8,-8,-1,-1,0,0,0,0,0,0,0,0,0]} 1. Nf3 c5 2. b3 d6 3. d4 cxd4 4. Nxd4 Qa5+ 5. Qd2 Qxd2+ 6. Nxd2 {A04: Unusual lines after 1 Nf3 and King's Indian Attack} Nc6 7. Bb2 f5 8. e4 {White is slightly better.} fxe4 9. Nxe4 (9. Nb5 $5 {[%cal Rb5c7]} Kd8 10. Nxe4 $16) 9... Nf6 10. Bd3 Nxd4 11. Bxd4 {And now f4 would win.} e5 $1 {[%cal Re5d4]} 12. Bb2 d5 $1 13. Nd2 e4 14. Bb5+ Kf7 15. Bd4 Be6 16. O-O Rc8 {[#] ...a6 is the strong threat.} 17. c4 Bb4 18. cxd5 Bxd5 19. Rad1 a6 20. Bc4 $132 {[%mdl 2048] White has counterplay} Bxd2 21. Bxd5+ Nxd5 22. Rxd2 Rhd8 23. Be5 Nf6 24. Re2 Re8 25. Bb2 Rc6 26. Rd1 Kg6 27. h3 h5 28. Rdd2 b5 {The position is equal.} 29. Re3 Ree6 30. Rg3+ Kf7 31. Rg5 g6 32. Rg3 Rc5 33. Re3 Rd5 34. Rc2 Rd1+ 35. Kh2 Nd5 36. Ree2 e3 37. fxe3 Nxe3 {[#] aiming for ...Nf1+.} 38. Rf2+ $1 Ke8 39. Rc8+ Kd7 40. Rc1 Red6 41. Rf7+ Ke6 42. Rf6+ (42. Rg7 {is more complex.} Kf5 43. Rc5+ R6d5 44. Rf7+ Ke4 45. Re7+) 42... Kd5 43. Rxd6+ Kxd6 44. Rxd1+ Nxd1 $11 {[%mdl 4096] Endgame KB-KN} 45. Bg7 Kd5 46. Kg3 {Hoping for Kf3.} Ke4 47. Kh4 Ne3 {Threatens to win with ...Nf5+.} 48. g4 hxg4 49. hxg4 Kf3 50. Kg5 Nxg4 51. Kxg6 Ke4 52. Kf7 Kd5 53. Ke7 Kc6 54. Ke6 Ne3 55. Ke5 a5 56. Ke4 Nc2 57. a4 bxa4 {Precision: White = 71%, Black = 57%.} 1/2-1/2

[Event "36th Balaton GM 2018"]
[Site "Balatonlelle"]
[Date "2018.06.18"]
[Round "7"]
[White "Akshat, Khamparia"]
[Black "Horvath, Dominik"]
[Result "1/2-1/2"]
[WhiteElo "2403"]
[BlackElo "2433"]
[Annotator "TA"]
[PlyCount "35"]
[EventDate "2018.06.12"]
[EventType "swiss"]
[EventCountry "HUN"]
[SourceTitle "playchess.com"]
[Source "ChessBase"]
[SourceQuality "1"]

{[%evp 18,35,14,1,3,5,1,2,12,7,11,12,8,-13,0,0,8,7,14,-14]} 1. d4 Nf6 2. c4 e6 3. Nc3 Bb4 4. Qc2 d5 5. cxd5 Qxd5 6. e3 c5 7. Bd2 {[%cal Bc1d2,Bd2c3,Bc3d4][%mdl 32]} Bxc3 8. Bxc3 cxd4 9. Bxd4 Nc6 10. Bc3 {The position is equal.} O-O {E34: Nimzo-Indian: Classical: 4...d5} 11. Nf3 Rd8 12. Be2 Qe4 13. Rc1 {[%cal Ba1c1,Bc1c2,Bc2c4][%mdl 32]} Qxc2 14. Rxc2 Nd5 15. Bd2 Ndb4 16. Rc4 Nd3+ 17. Bxd3 $1 Rxd3 18. Ke2 1/2-1/2